Statistics for Monaco Scorers in Ligue 1 2019-20

Click here to take the quiz!

General Stats

  • This quiz has been taken 8 times
  • The average score is 5 of 9

Answer Stats

Player Goals % Correct
Wissam Ben Yedder18
100%
Islam Slimani9
71%
Tiemoué Bakayoko1
71%
Aleksandr Golovin3
57%
Kamil Glik1
57%
Stevan Jovetić2
43%
Gelson Martins4
29%
Keita Baldé4
29%
Guillermo Maripán2
14%

Score Distribution

Percentile by Number Answered

Percent of People with Each Score

Your Score History

You have not taken this quiz